Statistics for New York Knicks All-Time Roster

Click here to take the quiz!

General Stats

  • This quiz has been taken 154 times
  • The average score is 6 of 12

Answer Stats

Post Player % Correct
SFCarmelo Anthony
95%
CPatrick Ewing
94%
PGWalt Frazier
86%
PFWillis Reed
75%
SGEarl Monroe
48%
BNCharles Oakley
48%
BNBernard King
46%
BNAllan Houston
45%
BNDave DeBusschere
38%
BNBill Cartwright
12%
BNRichie Guerin
10%
BNMichael Ray Richardson
10%

Score Distribution

Percentile by Number Answered

Percent of People with Each Score

Your Score History

You have not taken this quiz